Uplatnenie IT v podnikovej logistike spoločnosti GtO Slovakia s.r.o.

Salvato in:
Dettagli Bibliografici
Autore principale: Ölschléger, Ján (Autore)
Altri autori: Součková, Ingrid (Relatore della tesi)
Natura: Manoscritto Libro
Lingua:slovacco
Pubblicazione: 2015
Soggetti:
Accesso online:http://is.stuba.sk/zp/portal_zp.pl?podrobnosti=112939
Tags: Aggiungi Tag
Nessun Tag, puoi essere il primo ad aggiungerne!!

MARC

LEADER 00000ntm a22000003a 4500
001 stuzp53339
003 SK-STU
005 20160719154444.0
007 ta
008 150427s2015----xo-----f-mn---000-0-slo-d
040 |a STU  |b slo 
041 0 |a slo 
100 1 |a Ölschléger, Ján  |u 020070  |4 aut  |U SjF Strojnícka fakulta  |T SjF Ústav výrobných systémov, enviromentálnej techniky a manažment kvality  |X 65699  |U J0070  |Y 804  |7 65699 
242 0 1 |a The application of IT in GtO Slovakia s.r.o. company logistics  |y eng 
245 1 0 |a Uplatnenie IT v podnikovej logistike spoločnosti GtO Slovakia s.r.o. 
260 |c 2015 
650 4 |a čiarový kód  |2 slo 
650 4 |a RFID  |2 slo 
650 4 |a informačná technológia  |2 slo 
650 4 |a logistika  |2 slo 
650 4 |a SWOT analýza  |2 slo 
650 4 |a information technology  |2 eng 
650 4 |a logistics  |2 eng 
650 4 |a barcode  |2 eng 
650 4 |a RFID  |2 eng 
650 4 |a SWOT analysis  |2 eng 
700 1 |a Součková, Ingrid  |4 ths  |X 2364  |7 A000002364 
856 4 |u http://is.stuba.sk/zp/portal_zp.pl?podrobnosti=112939 
996 |b 284J043868  |c J* 2158/DP  |l JJSK  |s A  |a 24  |w stuzp53339_0001 
SQL |a stuzp53339  |b DDP  |c SLO  |d Uplatnenie IT v podnikovej logistike spoločnosti GtO Slovakia s.r.o.  |e 65699  |f Ölschléger, Ján  |g 020070  |h 2364  |i Součková, Ingrid  |j 20150618  |k 649  |l 02  |m http://is.stuba.sk/zp/portal_zp.pl?podrobnosti=112939  |n I-KPSP  |o 5.2.57. kvalita produkcie